<?xml version="1.0" encoding="UTF-8"?>
<record
    xmlns:xsi="http://www.w3.org/2001/XMLSchema-instance"
    xsi:schemaLocation="http://www.loc.gov/MARC21/slim http://www.loc.gov/standards/marcxml/schema/MARC21slim.xsd"
    xmlns="http://www.loc.gov/MARC21/slim">

  <leader>01653cam a2200313 i 4500</leader>
  <controlfield tag="003">SA-RiAUC</controlfield>
  <controlfield tag="005">20250220064459.0</controlfield>
  <controlfield tag="008">250219s1936    ua     g      00000 ara c</controlfield>
  <datafield tag="040" ind1=" " ind2=" ">
    <subfield code="a">SA-JeALM</subfield>
    <subfield code="b">ara</subfield>
    <subfield code="c">SA-RiAUC</subfield>
    <subfield code="e">rda</subfield>
  </datafield>
  <datafield tag="082" ind1="0" ind2="4">
    <subfield code="a">811.5</subfield>
    <subfield code="q">SA-RiAUC</subfield>
  </datafield>
  <datafield tag="090" ind1=" " ind2=" ">
    <subfield code="a">&#x646; 811.5   </subfield>
    <subfield code="b">   &#x627; &#x628; &#x648; &#x637;</subfield>
  </datafield>
  <datafield tag="100" ind1="1" ind2=" ">
    <subfield code="a">&#x623;&#x628;&#x648; &#x627;&#x644;&#x637;&#x64A;&#x628; &#x627;&#x644;&#x645;&#x62A;&#x646;&#x628;&#x64A;&#x60C; &#x623;&#x62D;&#x645;&#x62F; &#x628;&#x646; &#x627;&#x644;&#x62D;&#x633;&#x64A;&#x646; &#x628;&#x646; &#x627;&#x644;&#x62D;&#x633;&#x646;&#x60C;</subfield>
    <subfield code="d">303-354 &#x647;&#x62C;&#x631;&#x64A;</subfield>
    <subfield code="e">&#x645;&#x624;&#x644;&#x641;.</subfield>
  </datafield>
  <datafield tag="245" ind1="1" ind2="0">
    <subfield code="a">&#x62F;&#x64A;&#x648;&#x627;&#x646; &#x623;&#x628;&#x64A; &#x627;&#x644;&#x637;&#x64A;&#x628; &#x627;&#x644;&#x645;&#x62A;&#x646;&#x628;&#x64A; &#x628;&#x634;&#x631;&#x62D; &#x623;&#x628;&#x64A; &#x627;&#x644;&#x628;&#x642;&#x627;&#x621; &#x627;&#x644;&#x639;&#x643;&#x628;&#x631;&#x64A;&#x60C; &#x627;&#x644;&#x645;&#x633;&#x645;&#x649;&#x60C; &#x628;&#x627;&#x644;&#x62A;&#x628;&#x64A;&#x627;&#x646; &#x641;&#x64A; &#x634;&#x631;&#x62D; &#x627;&#x644;&#x62F;&#x64A;&#x648;&#x627;&#x646; /</subfield>
    <subfield code="c">&#x636;&#x628;&#x637;&#x647; &#x648;&#x635;&#x62D;&#x62D;&#x647; &#x648;&#x648;&#x636;&#x639; &#x641;&#x647;&#x627;&#x631;&#x633;&#x647; &#x645;&#x635;&#x637;&#x641;&#x649; &#x627;&#x644;&#x633;&#x642;&#x627;&#x60C; &#x625;&#x628;&#x631;&#x627;&#x647;&#x64A;&#x645; &#x627;&#x644;&#x625;&#x628;&#x64A;&#x627;&#x631;&#x64A;&#x60C; &#x639;&#x628;&#x62F; &#x627;&#x644;&#x62D;&#x641;&#x64A;&#x638; &#x634;&#x644;&#x628;&#x64A;.</subfield>
  </datafield>
  <datafield tag="246" ind1="3" ind2="3">
    <subfield code="a">&#x627;&#x644;&#x62A;&#x628;&#x64A;&#x627;&#x646; &#x641;&#x64A; &#x634;&#x631;&#x62D; &#x627;&#x644;&#x62F;&#x64A;&#x648;&#x627;&#x646;</subfield>
  </datafield>
  <datafield tag="246" ind1="3" ind2="0">
    <subfield code="a">&#x634;&#x631;&#x62D; &#x623;&#x628;&#x64A; &#x627;&#x644;&#x628;&#x642;&#x627;&#x621; &#x627;&#x644;&#x639;&#x643;&#x628;&#x631;&#x64A;&#x60C; &#x627;&#x644;&#x645;&#x633;&#x645;&#x649;&#x60C; &#x628;&#x627;&#x644;&#x62A;&#x628;&#x64A;&#x627;&#x646; &#x641;&#x64A; &#x634;&#x631;&#x62D; &#x627;&#x644;&#x62F;&#x64A;&#x648;&#x627;&#x646;</subfield>
  </datafield>
  <datafield tag="246" ind1="3" ind2="0">
    <subfield code="a">&#x627;&#x644;&#x62A;&#x628;&#x64A;&#x627;&#x646; &#x641;&#x64A; &#x634;&#x631;&#x62D; &#x627;&#x644;&#x62F;&#x64A;&#x648;&#x627;&#x646;</subfield>
  </datafield>
  <datafield tag="264" ind1=" " ind2="1">
    <subfield code="a">&#x627;&#x644;&#x642;&#x627;&#x647;&#x631;&#x629; :</subfield>
    <subfield code="b">&#x645;&#x635;&#x637;&#x641;&#x649; &#x627;&#x644;&#x628;&#x627;&#x628;&#x64A; &#x627;&#x644;&#x62D;&#x644;&#x628;&#x64A;&#x60C;</subfield>
    <subfield code="c">1936</subfield>
  </datafield>
  <datafield tag="300" ind1=" " ind2=" ">
    <subfield code="a">4 &#x645;&#x62C;&#x644;&#x62F;.&#x61B;</subfield>
    <subfield code="c">24 &#x633;&#x645;.</subfield>
  </datafield>
  <datafield tag="336" ind1=" " ind2=" ">
    <subfield code="a">&#x646;&#x635;</subfield>
    <subfield code="b">txt</subfield>
    <subfield code="2">rdacontent</subfield>
    <subfield code="3">&#x643;&#x62A;&#x627;&#x628;</subfield>
  </datafield>
  <datafield tag="337" ind1=" " ind2=" ">
    <subfield code="a">&#x628;&#x62F;&#x648;&#x646; &#x648;&#x633;&#x64A;&#x637;</subfield>
    <subfield code="b">n</subfield>
    <subfield code="2">rdamedia</subfield>
  </datafield>
  <datafield tag="338" ind1=" " ind2=" ">
    <subfield code="a">&#x645;&#x62C;&#x644;&#x62F;</subfield>
    <subfield code="b">nc</subfield>
    <subfield code="2">rdacarrier</subfield>
  </datafield>
  <datafield tag="500" ind1=" " ind2=" ">
    <subfield code="a">&#x645;&#x644;&#x627;&#x62D;&#x638;&#x627;&#x62A; &#x645;&#x646; &#x627;&#x644;&#x634;&#x64A;&#x62E; &#x631;&#x62D;&#x645;&#x647; &#x627;&#x644;&#x644;&#x647; &#x641;&#x64A; &#x628;&#x62F;&#x627;&#x64A;&#x629; &#x627;&#x644;&#x643;&#x62A;&#x627;&#x628;</subfield>
  </datafield>
  <datafield tag="650" ind1=" " ind2="7">
    <subfield code="a">&#x627;&#x644;&#x634;&#x639;&#x631; &#x627;&#x644;&#x639;&#x631;&#x628;&#x64A;</subfield>
    <subfield code="y">&#x627;&#x644;&#x639;&#x635;&#x631; &#x627;&#x644;&#x639;&#x628;&#x627;&#x633;&#x64A;</subfield>
    <subfield code="2">aucsh</subfield>
  </datafield>
  <datafield tag="700" ind1="1" ind2=" ">
    <subfield code="a">&#x627;&#x644;&#x633;&#x642;&#x627;&#x60C; &#x645;&#x635;&#x637;&#x641;&#x649;&#x60C;</subfield>
    <subfield code="d">1895-1969</subfield>
    <subfield code="e">&#x645;&#x635;&#x62D;&#x62D;.</subfield>
  </datafield>
  <datafield tag="700" ind1="1" ind2=" ">
    <subfield code="a">&#x627;&#x644;&#x625;&#x628;&#x64A;&#x627;&#x631;&#x64A;&#x60C; &#x625;&#x628;&#x631;&#x627;&#x647;&#x64A;&#x645; &#x625;&#x633;&#x645;&#x627;&#x639;&#x64A;&#x644;&#x60C;</subfield>
    <subfield code="d">1902-1994</subfield>
    <subfield code="e">&#x645;&#x635;&#x62D;&#x62D;.</subfield>
  </datafield>
  <datafield tag="700" ind1="1" ind2=" ">
    <subfield code="a">&#x634;&#x644;&#x628;&#x64A;&#x60C; &#x639;&#x628;&#x62F; &#x627;&#x644;&#x62D;&#x641;&#x64A;&#x638;</subfield>
    <subfield code="e">&#x645;&#x635;&#x62D;&#x62D;.</subfield>
  </datafield>
  <datafield tag="942" ind1=" " ind2=" ">
    <subfield code="2">ddc</subfield>
    <subfield code="c">RARE BOOK</subfield>
    <subfield code="n">0</subfield>
  </datafield>
  <datafield tag="949" ind1=" " ind2=" ">
    <subfield code="a">SA-JeALM</subfield>
    <subfield code="d">250219</subfield>
    <subfield code="u">osman123</subfield>
    <subfield code="n">1</subfield>
  </datafield>
  <datafield tag="952" ind1=" " ind2=" ">
    <subfield code="0">0</subfield>
    <subfield code="1">0</subfield>
    <subfield code="2">ddc</subfield>
    <subfield code="3">&#x627;&#x644;&#x62C;&#x632;&#x621; &#x627;&#x644;&#x627;&#x648;&#x644;</subfield>
    <subfield code="4">0</subfield>
    <subfield code="7">0</subfield>
    <subfield code="8">Note</subfield>
    <subfield code="a">WAHAB</subfield>
    <subfield code="b">WAHAB</subfield>
    <subfield code="d">2025-02-20</subfield>
    <subfield code="l">0</subfield>
    <subfield code="o">&#x646; 811.5  &#x627; &#x628; &#x648; &#x637;</subfield>
    <subfield code="p">000010095</subfield>
    <subfield code="r">2025-02-20 06:45:41</subfield>
    <subfield code="w">2025-02-20</subfield>
    <subfield code="y">RARE BOOK</subfield>
  </datafield>
  <datafield tag="952" ind1=" " ind2=" ">
    <subfield code="0">0</subfield>
    <subfield code="1">0</subfield>
    <subfield code="2">ddc</subfield>
    <subfield code="3">&#x627;&#x644;&#x62C;&#x632;&#x621; &#x627;&#x644;&#x62B;&#x627;&#x646;&#x64A;</subfield>
    <subfield code="4">0</subfield>
    <subfield code="7">0</subfield>
    <subfield code="8">Note</subfield>
    <subfield code="a">WAHAB</subfield>
    <subfield code="b">WAHAB</subfield>
    <subfield code="d">2025-02-20</subfield>
    <subfield code="l">0</subfield>
    <subfield code="o">&#x646; 811.5  &#x627; &#x628; &#x648; &#x637;</subfield>
    <subfield code="p">000010096</subfield>
    <subfield code="r">2025-02-20 06:45:41</subfield>
    <subfield code="w">2025-02-20</subfield>
    <subfield code="y">RARE BOOK</subfield>
  </datafield>
  <datafield tag="952" ind1=" " ind2=" ">
    <subfield code="0">0</subfield>
    <subfield code="1">0</subfield>
    <subfield code="2">ddc</subfield>
    <subfield code="3">&#x627;&#x644;&#x62C;&#x632;&#x621; &#x627;&#x644;&#x62B;&#x627;&#x644;&#x62B;</subfield>
    <subfield code="4">0</subfield>
    <subfield code="7">0</subfield>
    <subfield code="8">Note</subfield>
    <subfield code="a">WAHAB</subfield>
    <subfield code="b">WAHAB</subfield>
    <subfield code="d">2025-02-20</subfield>
    <subfield code="l">0</subfield>
    <subfield code="o">&#x646; 811.5  &#x627; &#x628; &#x648; &#x637;</subfield>
    <subfield code="p">000010097</subfield>
    <subfield code="r">2025-02-20 06:45:41</subfield>
    <subfield code="w">2025-02-20</subfield>
    <subfield code="y">RARE BOOK</subfield>
  </datafield>
  <datafield tag="952" ind1=" " ind2=" ">
    <subfield code="0">0</subfield>
    <subfield code="1">0</subfield>
    <subfield code="2">ddc</subfield>
    <subfield code="3">&#x627;&#x644;&#x62C;&#x632;&#x621; &#x627;&#x644;&#x631;&#x627;&#x628;&#x639;</subfield>
    <subfield code="4">0</subfield>
    <subfield code="7">0</subfield>
    <subfield code="8">Note</subfield>
    <subfield code="a">WAHAB</subfield>
    <subfield code="b">WAHAB</subfield>
    <subfield code="d">2025-02-20</subfield>
    <subfield code="l">0</subfield>
    <subfield code="o">&#x646; 811.5  &#x627; &#x628; &#x648; &#x637;</subfield>
    <subfield code="p">000010098</subfield>
    <subfield code="r">2025-02-20 06:45:41</subfield>
    <subfield code="w">2025-02-20</subfield>
    <subfield code="y">RARE BOOK</subfield>
  </datafield>
  <datafield tag="999" ind1=" " ind2=" ">
    <subfield code="c">6103</subfield>
    <subfield code="d">6103</subfield>
  </datafield>
</record>
